000 00503nam a2200181 4500
001 125969
003 ES-MaACL
005 20250801063036.0
007 t|
008 070214s1913 fr r ||||1| fre d
100 1 _aRégnier, Henri de,
_d1864-1936
_995907
245 1 0 _aPortraits et souvenirs /
_cHenri de Régnier.
250 _a3ème éd.
260 _aParis :
_bMercure de France,
_c1913.
300 _a334 p. ;
_c19 x 12 cm.
852 _aES-MaACL
_jG-1961
999 _c125969
_d125969